| 000 | 00371nam a2200145Ia 4500 | ||
|---|---|---|---|
| 008 | 150201s2007 xx 000 0 und d | ||
| 082 |
_a617.672 _bP2007N |
||
| 100 | _aNALLASWAMY,DEEPAK | ||
| 245 | _aTEXT BOOK OF PROSTHODONTICS | ||
| 250 | _a1ST | ||
| 260 |
_bJAYPEE MEDICAL PUBLISHER _aDELHI _c2007 |
||
| 300 | _a1-844 | ||
| 650 | _aPROSTHODONTICS | ||
| 942 |
_2ddc _cBK _099 |
||
| 999 |
_c4122 _d4122 |
||